Suits & Defences 1947-2018 / (Record no. 587002)
[ view plain ]
| 000 -LEADER | |
|---|---|
| fixed length control field | 00390nam a22001337a 4500 |
| 082 ## - DEWEY DECIMAL CLASSIFICATION NUMBER | |
| Classification number | 345.491056 AWA |
| 100 ## - MAIN ENTRY--PERSONAL NAME | |
| Personal name | Awan, Hakim Amir Bakhsh |
| 245 ## - TITLE STATEMENT | |
| Title | Suits & Defences 1947-2018 / |
| Statement of responsibility, etc. | Hakim Amir Bakhsh Awan |
| 260 ## - PUBLICATION, DISTRIBUTION, ETC. | |
| Place of publication, distribution, etc. | Lahore : |
| Name of publisher, distributor, etc. | Mansoor Book House, |
| Date of publication, distribution, etc. | 2018. |
| 300 ## - PHYSICAL DESCRIPTION | |
| Extent | 1312 p. ; |
| Dimensions | 24 cm. |
| 942 ## - ADDED ENTRY ELEMENTS (KOHA) | |
| Source of classification or shelving scheme | |
| Koha item type | Book |
| Withdrawn status | Lost status | Source of classification or shelving scheme | Damaged status | Not for loan | Permanent Location | Current Location | Shelving location | Date acquired | Source of acquisition | Full call number | Barcode | Date last seen | Price effective from | Koha item type |
|---|---|---|---|---|---|---|---|---|---|---|---|---|---|---|
| NUST Law School (NLS) | NUST Law School (NLS) | Law | 12/03/2021 | Pakistan Law House | 345.491056 AWA | CL-846 | 10/28/2024 | 12/03/2021 | Book |
